[Event "NATO-ch 34th"]
[Site "Rhodes"]
[Date "2024.10.24"]
[Round "5"]
[White "Cheung, Jan W"]
[Black "Jacob, Tobias"]
[Result "0-1"]
[WhiteElo "2010"]
[BlackElo "2073"]
[PlyCount "88"]
[EventDate "2024.10.21"]
[EventType "swiss"]
[EventRounds "7"]
[EventCountry "GRE"]
[SourceTitle "CB44_2024"]
[Source "Chessbase"]
[SourceDate "2024.10.30"]
[SourceVersion "1"]
[SourceVersionDate "2024.10.30"]
[SourceQuality "1"]

1. d4 d5 2. c4 e6 3. Nf3 Nf6 4. g3 dxc4 5. Bg2 a6 6. 0-0 Nc6 7. e3 Rb8 8. Nfd2 e5 9. Bxc6+ bxc6 10. dxe5 Ng4 11. Nxc4 Qd5 12. b3 Be6 13. Qe2 Nxe5 14. Nxe5 Qxe5 15. Bb2 Qg5 16. Nd2 h5 17. Nf3 Qg4 18. Nd4 c5 19. f3 Qg6 20. Nxe6 Qxe6 21. Rac1 Bd6 22. Rc4 Rb4 23. Rfc1 h4 24. Rxb4 cxb4 25. g4 0-0 26. Rc4 a5 27. Re4 Qd5 28. Rd4 Qa8 29. Re4 a4 30. Qc4 axb3 31. Qd4 f6 32. Qc4+ Kh8 33. Qxb3 Qa5 34. Qc4 h3 35. f4 Qa4 36. Qb3 Qc6 37. Qc4 Qxc4 38. Rxc4 Ra8 39. g5 Rxa2 40. Bd4 fxg5 41. Be5 Bxe5 42. fxe5 b3 43. Rb4 b2 44. e6 Ra1+ 0-1

[Event "NATO-ch 34th"]
[Site "Rhodes"]
[Date "2024.10.24"]
[Round "6"]
[White "Jacob, Tobias"]
[Black "Pavlidou, Ekaterini"]
[Result "1/2-1/2"]
[WhiteElo "2073"]
[BlackElo "2153"]
[PlyCount "84"]
[EventDate "2024.10.21"]
[EventType "swiss"]
[EventRounds "7"]
[EventCountry "GRE"]
[SourceTitle "CB44_2024"]
[Source "Chessbase"]
[SourceDate "2024.10.30"]
[SourceVersion "1"]
[SourceVersionDate "2024.10.30"]
[SourceQuality "1"]

1. d4 Nf6 2. c4 e6 3. Nc3 Bb4 4. e3 0-0 5. Bd3 d5 6. a3 Bxc3+ 7. bxc3 dxc4 8. Bxc4 c5 9. Ne2 Qc7 10. Bd3 b6 11. 0-0 Bb7 12. f3 Nbd7 13. e4 e5 14. d5 c4 15. Bc2 Ne8 16. f4 f6 17. fxe5 fxe5 18. Rxf8+ Nxf8 19. Ng3 Nd6 20. Be3 Rd8 21. a4 Ng6 22. Qh5 Rf8 23. Rf1 Rxf1+ 24. Nxf1 Bc8 25. Nd2 b5 26. axb5 Qa5 27. Nb1 Nxb5 28. Bd2 Qb6+ 29. Kf1 Nd6 30. Bc1 Bd7 31. Qg5 Nf7 32. Qe3 Qf6+ 33. Qf2 Qa6 34. Ba3 Ba4 35. g3 Bd7 36. h4 Nh6 37. Kg1 Ng4 38. Qc5 h5 39. Qd6 Qb6+ 40. Qxb6 axb6 41. Bc1 b5 42. Bg5 Nf8 1/2-1/2

[Event "NATO-ch 34th"]
[Site "Rhodes"]
[Date "2024.10.22"]
[Round "2"]
[White "Jacob, Tobias"]
[Black "Skwarczynski, Marcin"]
[Result "1/2-1/2"]
[WhiteElo "2073"]
[BlackElo "1940"]
[PlyCount "118"]
[EventDate "2024.10.21"]
[EventType "swiss"]
[EventRounds "7"]
[EventCountry "GRE"]
[SourceTitle "CB44_2024"]
[Source "Chessbase"]
[SourceDate "2024.10.30"]
[SourceVersion "1"]
[SourceVersionDate "2024.10.30"]
[SourceQuality "1"]

1. d4 d5 2. c4 c6 3. Nf3 Nf6 4. e3 Nbd7 5. Bd3 e6 6. Nbd2 Bd6 7. 0-0 0-0 8. e4 dxe4 9. Nxe4 Nxe4 10. Bxe4 h6 11. b3 Qa5 12. Bb2 Rd8 13. Bc2 Qh5 14. Qd3 Nf8 15. Qe4 Bd7 16. h3 Be8 17. Rad1 f6 18. Qe3 Bg6 19. Bxg6 Qxg6 20. Nd2 Qf5 21. Ne4 Qf4 22. Qxf4 Bxf4 23. Ba3 b6 24. Rfe1 Kf7 25. g3 Bc7 26. Nc3 Bd6 27. Bb2 Rd7 28. Re3 Rad8 29. Red3 Bc7 30. Kg2 f5 31. f4 e5 32. fxe5 Bxe5 33. Ne2 Bc7 34. Kf3 g5 35. d5 Ng6 36. Kf2 cxd5 37. Rxd5 Rxd5 38. cxd5 h5 39. Bc1 g4 40. hxg4 fxg4 41. Bg5 Rd7 42. Nc3 Bd8 43. Be3 h4 44. gxh4 Bxh4+ 45. Kg2 Ne7 46. Rf1+ Kg6 47. Rf4 Nxd5 48. Nxd5 Rxd5 49. Rxg4+ Kh5 50. Rg7 Bf6 51. Rxa7 b5 52. Kf3 Kg6 53. Ke4 Rh5 54. Rd7 Bc3 55. a3 Bb2 56. Ra7 Re5+ 57. Kd3 Kf5 58. Rc7 Rd5+ 59. Kc2 Bxa3 1/2-1/2

[Event "NATO-ch 33rd"]
[Site "Portoroz"]
[Date "2023.09.07"]
[Round "6"]
[White "Middaugh, Jon S"]
[Black "Jacob, Tobias"]
[Result "0-1"]
[WhiteElo "1807"]
[BlackElo "2001"]
[PlyCount "134"]
[EventDate "2023.09.04"]
[EventType "swiss"]
[EventRounds "7"]
[EventCountry "SLO"]
[SourceTitle "CBM 216 Extra"]
[Source "ChessBase"]
[SourceDate "2023.11.30"]
[SourceVersion "1"]
[SourceVersionDate "2023.11.30"]
[SourceQuality "1"]

1. d4 d5 2. Nf3 Nf6 3. c4 e6 4. Nc3 a6 5. Bg5 dxc4 6. a4 h6 7. Bxf6 Qxf6 8. e4 Bb4 9. Bxc4 c5 10. 0-0 cxd4 11. e5 Qf4 12. Ne2 Qe4 13. Ng3 Qf4 14. Ne2 Qe4 15. Nexd4 Nc6 16. Bd3 Qd5 17. Nxc6 bxc6 18. Qe2 Qa5 19. Nd4 Bb7 20. Be4 Qb6 21. Nc2 Be7 22. Qf3 0-0 23. Na3 Qd4 24. b3 Qxe5 25. Bxc6 Bxc6 26. Qxc6 Rfc8 27. Qb7 Bd6 28. g3 Rcb8 29. Qf3 Bxa3 30. Rxa3 Qb2 31. Rfa1 a5 32. Kg2 Ra6 33. R1a2 Qc1 34. Ra1 Qc6 35. Qxc6 Rxc6 36. Rd1 Rc5 37. Rd7 g5 38. h3 h5 39. Kh2 Rb4 40. Ra7 Kg7 41. Kg2 h4 42. gxh4 gxh4 43. Ra2 Rxb3 44. Re2 Rb4 45. Rxe6 Rxa4 46. Re3 Rf5 47. Rf3 Rxf3 48. Kxf3 Kg6 49. Ra8 Kf5 50. Rh8 Ke5 51. Rd8 Rf4+ 52. Ke3 Rb4 53. Ra8 Rb3+ 54. Ke2 Ra3 55. Ra6 f5 56. Ra8 Kf4 57. Ra7 Ra2+ 58. Ke1 Kf3 59. Rh7 Re2+ 60. Kd1 Re4 61. Rh5 Rf4 62. Ke1 a4 63. Rh8 Re4+ 64. Kf1 Rb4 65. Kg1 f4 66. Rxh4 a3 67. Rh7 a2 0-1

[Event "NATO-ch 33rd"]
[Site "Portoroz"]
[Date "2023.09.04"]
[Round "1"]
[White "Jacob, Tobias"]
[Black "Bradley, William"]
[Result "0-1"]
[WhiteElo "2001"]
[BlackElo "1594"]
[PlyCount "80"]
[EventDate "2023.09.04"]
[EventType "swiss"]
[EventRounds "7"]
[EventCountry "SLO"]
[SourceTitle "CBM 216 Extra"]
[Source "ChessBase"]
[SourceDate "2023.11.30"]
[SourceVersion "1"]
[SourceVersionDate "2023.11.30"]
[SourceQuality "1"]

1. e4 c5 2. Nf3 d6 3. Bb5+ Nc6 4. Bxc6+ bxc6 5. b3 d5 6. Nc3 Nf6 7. Qe2 e6 8. 0-0 Be7 9. e5 Nd7 10. d3 Qc7 11. Bf4 h6 12. h4 a5 13. Rfe1 Ba6 14. Qd2 Rb8 15. Ne2 Rg8 16. h5 Rb4 17. c4 g5 18. hxg6 Rxg6 19. Nc3 h5 20. Kf1 Nf8 21. Bg3 Qd8 22. Qd1 h4 23. Bf4 Rg4 24. Bc1 Kd7 25. Ba3 Rb8 26. Na4 Ng6 27. Bxc5 Nf4 28. Ng1 Qg8 29. g3 hxg3 30. f3 Rh4 31. Be3 g2+ 32. Kf2 Nh3+ 33. Ke2 Qg3 34. Nxh3 Rxh3 35. Kd2 Bb4+ 36. Nc3 Qxe5 37. d4 Qg3 38. a3 Bxc3+ 39. Kxc3 Qxf3 40. Qxf3 Rxf3 0-1

[Event "Staufer op 33rd"]
[Site "Schwaebisch Gmuend"]
[Date "2023.01.04"]
[Round "6"]
[White "Kern, Johannes"]
[Black "Jacob, Tobias"]
[Result "1/2-1/2"]
[WhiteElo "2207"]
[BlackElo "2013"]
[PlyCount "37"]
[EventDate "2023.01.02"]
[EventType "swiss"]
[EventRounds "9"]
[EventCountry "GER"]
[SourceTitle "CBM 212 Extra"]
[Source "ChessBase"]
[SourceDate "2023.03.31"]
[SourceVersion "1"]
[SourceVersionDate "2023.03.31"]
[SourceQuality "1"]

1. Nf3 Nf6 2. c4 e6 3. Nc3 d5 4. e3 Be7 5. b3 0-0 6. Bb2 b6 7. cxd5 exd5 8. Qc2 Nbd7 9. d4 Bb7 10. Bd3 Rc8 11. Ne5 h6 12. Bf5 c5 13. Nxd7 Nxd7 14. dxc5 Rxc5 15. 0-0 Bf6 16. Rac1 d4 17. exd4 Bxd4 18. Bh7+ Kh8 19. Be4 1/2-1/2

[Event "Bremen Silvester op-A"]
[Site "Bremen"]
[Date "2022.12.29"]
[Round "5"]
[White "Tarasenko, Nazar"]
[Black "Jacob, Tobias"]
[Result "0-1"]
[WhiteElo "1885"]
[BlackElo "2013"]
[PlyCount "102"]
[EventDate "2022.12.27"]
[EventType "swiss"]
[EventRounds "7"]
[EventCountry "GER"]
[SourceTitle "CBM 211 Extra"]
[Source "ChessBase"]
[SourceDate "2023.01.31"]
[SourceVersion "1"]
[SourceVersionDate "2023.01.31"]
[SourceQuality "1"]

1. d4 Nf6 2. c4 g6 3. Nc3 Bg7 4. e4 d6 5. f4 c5 6. d5 0-0 7. Nf3 e6 8. Be2 exd5 9. exd5 Re8 10. 0-0 Ng4 11. Bd3 f5 12. Re1 a6 13. a4 Nd7 14. Bd2 Nf8 15. h3 Nf6 16. Qb3 Rb8 17. a5 Bd7 18. Kh2 Rxe1 19. Bxe1 b6 20. Qc2 bxa5 21. Nd1 a4 22. Nc3 Ne4 23. Bxe4 fxe4 24. Nd2 e3 25. Nf1 Qe7 26. Qe2 Bd4 27. Ra2 g5 28. fxg5 Qxg5 29. Bg3 Be8 30. Bxd6 Rb6 31. Bxf8 Kxf8 32. Nd1 Qe5+ 33. Kh1 Rb3 34. Nh2 Bg6 35. Ng4 Qg3 36. Qf1+ Kg7 37. Nc3 h5 38. Ne2 Qh4 39. g3 Be4+ 40. Kg1 Qxg3+ 41. Nxg3 e2+ 42. Kh2 exf1Q 43. Nxf1 hxg4 44. Ng3 Be5 45. Ra3 gxh3 46. Kxh3 Bxg3 47. Rxb3 axb3 48. Kxg3 Kf6 49. Kf4 Bd3 50. Ke3 Bxc4 51. Ke4 a5 0-1

[Event "Mittelfranken Landesliga Sued 2223"]
[Site "Mittelfranken"]
[Date "2022.12.11"]
[Round "4.2"]
[White "Jacob, Tobias"]
[Black "Wurzel, Andre"]
[Result "1/2-1/2"]
[WhiteElo "2051"]
[BlackElo "2110"]
[PlyCount "40"]
[EventDate "2022.10.09"]
[EventType "team-tourn"]
[EventRounds "9"]
[EventCountry "GER"]
[SourceTitle "EXT 2024"]
[Source "ChessBase"]
[SourceDate "2023.10.10"]
[SourceVersion "1"]
[SourceVersionDate "2023.10.10"]
[SourceQuality "1"]
[WhiteTeam "Unterhaching"]
[BlackTeam "Neuburg"]
[WhiteTeamCountry "GER"]
[BlackTeamCountry "GER"]

1. d4 Nf6 2. c4 e6 3. g3 d5 4. Bg2 dxc4 5. Nf3 c5 6. 0-0 Nc6 7. Qa4 Bd7 8. Qxc4 b5 9. Qc3 Rc8 10. dxc5 Nd5 11. Qb3 Bxc5 12. e4 Nf6 13. Be3 Bxe3 14. Qxe3 0-0 15. Nc3 b4 16. Nb5 Qa5 17. Nd6 Rb8 18. Rfd1 Rfd8 19. Ng5 Be8 20. h3 h6 1/2-1/2

[Event "Bayern-chI Bank Hofmann 25th"]
[Site "Tegernsee"]
[Date "2022.11.06"]
[Round "2"]
[White "Schneider, Jana"]
[Black "Jacob, Tobias"]
[Result "1-0"]
[WhiteElo "2284"]
[BlackElo "2007"]
[PlyCount "101"]
[EventDate "2022.11.05"]
[EventType "swiss"]
[EventRounds "9"]
[EventCountry "GER"]
[SourceTitle "CBM 211 Extra"]
[Source "ChessBase"]
[SourceDate "2023.01.31"]
[SourceVersion "1"]
[SourceVersionDate "2023.01.31"]
[SourceQuality "1"]

1. e4 c5 2. Nf3 Nc6 3. Nc3 e5 4. Bc4 Be7 5. d3 d6 6. Nd2 Be6 7. Nf1 Nf6 8. Ne3 a6 9. a4 Nb4 10. Qe2 0-0 11. 0-0 Qc7 12. f4 exf4 13. Rxf4 Rad8 14. Nf5 Bxc4 15. dxc4 Nc6 16. Rg4 g6 17. Rg3 Nd4 18. Nxe7+ Qxe7 19. Qd3 Nh5 20. Nd5 Qe5 21. Rg5 f5 22. Qh3 Qxe4 23. Bd2 Nf6 24. Re1 Qxc2 25. Re7 Qd1+ 26. Be1 Nh5 27. Qe3 Rf7 28. Rxf7 Nc2 29. Qe6 Qxe1+ 30. Qxe1 Nxe1 31. Rfxf5 Nd3 32. b3 Ne5 33. Nf6+ Kf7 34. Nxh5+ gxf5 35. Rg7+ Ke6 36. Nf4+ Kf6 37. Rxh7 b5 38. axb5 axb5 39. cxb5 Rb8 40. b6 Nf7 41. h4 d5 42. h5 d4 43. Kf2 Rb7 44. h6 Rb8 45. Rg7 Nxh6 46. Rg6+ Ke5 47. Kf3 d3 48. Nxd3+ Kd4 49. Rd6+ Kc3 50. Nxc5 Ng4 51. b7 1-0

[Event "Mittelfranken Landesliga Sued 2223"]
[Site "Mittelfranken"]
[Date "2022.10.23"]
[Round "2.3"]
[White "Mueller, Lukas"]
[Black "Jacob, Tobias"]
[Result "0-1"]
[WhiteElo "2058"]
[BlackElo "2051"]
[PlyCount "54"]
[EventDate "2022.10.09"]
[EventType "team-tourn"]
[EventRounds "9"]
[EventCountry "GER"]
[SourceTitle "EXT 2024"]
[Source "ChessBase"]
[SourceDate "2023.10.10"]
[SourceVersion "1"]
[SourceVersionDate "2023.10.10"]
[SourceQuality "1"]
[WhiteTeam "Muenchen Zugzwang II"]
[BlackTeam "Unterhaching"]
[WhiteTeamCountry "GER"]
[BlackTeamCountry "GER"]

1. c4 Nf6 2. g3 e6 3. Bg2 d5 4. Nf3 c6 5. 0-0 dxc4 6. a4 b5 7. Na3 a6 8. b3 Bb7 9. bxc4 b4 10. Nc2 c5 11. e3 Qc7 12. Bb2 Nc6 13. Qe2 Be7 14. d4 Na5 15. dxc5 Qxc5 16. Rab1 b3 17. Ncd4 Be4 18. Nd2 Bxb1 19. Bxa8 Ba2 20. Rc1 0-0 21. Qf3 Qb4 22. Rc3 Qxa4 23. Nc6 Ba3 24. Bxa3 Qxa3 25. c5 Nd5 26. Nc4 Nxc4 27. Rxc4 b2 0-1

[Event "NATO-ch 32nd"]
[Site "Tartu"]
[Date "2022.07.01"]
[Round "7"]
[White "Jacob, Tobias"]
[Black "Farrell, John F"]
[Result "1/2-1/2"]
[WhiteElo "2013"]
[BlackElo "1913"]
[PlyCount "84"]
[EventDate "2022.06.27"]
[EventType "swiss"]
[EventRounds "7"]
[EventCountry "EST"]
[SourceTitle "CBM 209 Extra"]
[Source "ChessBase"]
[SourceDate "2022.09.30"]
[SourceVersion "1"]
[SourceVersionDate "2022.09.30"]
[SourceQuality "1"]

1. c4 e5 2. g3 Nc6 3. Bg2 Bc5 4. Nc3 a6 5. e3 d6 6. Nge2 Nge7 7. a3 0-0 8. 0-0 Bg4 9. h3 Bh5 10. b4 Ba7 11. Nd5 Bg6 12. d4 exd4 13. exd4 Nxd5 14. Bxd5 Qd7 15. Bg2 Rfe8 16. Be3 Be4 17. Nc3 Bxg2 18. Kxg2 Ne7 19. Qf3 Qc6 20. Qxc6 Nxc6 21. Rfd1 Ne7 22. g4 Ng6 23. Rd3 Rad8 24. a4 c6 25. b5 d5 26. c5 Bb8 27. Ne2 f5 28. Ra2 f4 29. Bc1 Nh4+ 30. Kf1 g5 31. bxc6 bxc6 32. Bd2 Bc7 33. Rb2 Rb8 34. Rdb3 Nf3 35. Bc3 Nh2+ 36. Kg1 Rxb3 37. Rxb3 Rxe2 38. Kxh2 f3+ 39. Kg1 Rc2 40. Kf1 Rc1+ 41. Be1 Ba5 42. Re3 Ra1 1/2-1/2

[Event "Mittelfranken Landesliga Sued 2122"]
[Site "Mittelfranken"]
[Date "2022.05.15"]
[Round "5.2"]
[White "Jacob, Tobias"]
[Black "Babiy, Olga"]
[Result "0-1"]
[WhiteElo "2096"]
[BlackElo "2358"]
[PlyCount "72"]
[EventDate "2021.10.24"]
[EventType "team-tourn"]
[EventRounds "9"]
[EventCountry "GER"]
[SourceTitle "EXT 2024"]
[Source "ChessBase"]
[SourceDate "2023.10.10"]
[SourceVersion "1"]
[SourceVersionDate "2023.10.10"]
[SourceQuality "1"]
[WhiteTeam "Unterhaching"]
[BlackTeam "Muenchen SC II"]
[WhiteTeamCountry "GER"]
[BlackTeamCountry "GER"]

1. c4 e5 2. g3 h5 3. h4 Nc6 4. Bg2 Bc5 5. Nc3 d6 6. e3 Nge7 7. Nge2 Bg4 8. a3 a6 9. b4 Ba7 10. Bb2 Qd7 11. Qb3 Nd8 12. 0-0-0 c5 13. Rhe1 Rc8 14. b5 axb5 15. Qxb5 Ndc6 16. Nd5 0-0 17. d3 Qd8 18. Nxe7+ Qxe7 19. Rd2 Bd7 20. Qa4 Bb6 21. Qb3 Ba5 22. Bc3 Ra8 23. Ra2 Rfb8 24. Kd2 Qd8 25. Rb1 Nd4 26. exd4 exd4 27. Nxd4 cxd4 28. Bb4 Bc6 29. Bh3 Qf6 30. f4 Re8 31. Re1 Qg6 32. Rxe8+ Rxe8 33. Bxa5 Qxg3 34. Bd7 Qe1+ 35. Kc2 Re2+ 36. Bd2 Rxd2# 0-1

[Event "NATO-ch 31st"]
[Site "Blankenberge"]
[Date "2021.10.13"]
[Round "4.16"]
[White "Tommasini, Enzo"]
[Black "Jacob, Tobias"]
[Result "1/2-1/2"]
[WhiteElo "2111"]
[BlackElo "1967"]
[PlyCount "110"]
[EventDate "2021.10.11"]
[EventType "team-swiss"]
[EventRounds "7"]
[EventCountry "BEL"]
[SourceTitle "CBM 204 Extra"]
[Source "ChessBase"]
[SourceDate "2021.11.30"]
[SourceVersion "1"]
[SourceVersionDate "2021.11.30"]
[SourceQuality "1"]
[WhiteTeam "Italy"]
[BlackTeam "Germany"]
[WhiteTeamCountry "ITA"]
[BlackTeamCountry "GER"]

1. Nf3 Nf6 2. c4 g6 3. Nc3 Bg7 4. e4 d6 5. d4 0-0 6. Be2 e5 7. dxe5 dxe5 8. Qxd8 Rxd8 9. Bg5 Re8 10. Nd5 Nxd5 11. cxd5 c6 12. Bc4 cxd5 13. Bxd5 Nd7 14. Rc1 h6 15. Be3 Nf6 16. Bb3 Nxe4 17. Rc7 Be6 18. Bxe6 Rxe6 19. Rxb7 Nd6 20. Rd7 Nf5 21. Ke2 Ra6 22. a3 Rb8 23. Rb1 Nxe3 24. fxe3 f5 25. Nd2 e4 26. Kd1 Rxb2 27. Rxg7+ Kxg7 28. Rxb2 Rxa3 29. Nc4 Ra1+ 30. Ke2 Kf6 31. Rd2 Kg5 32. Kf2 a5 33. Rd5 a4 34. Nd2 Ra2 35. Kg3 Kf6 36. Nc4 Rc2 37. Rd4 g5 38. Nb6 Re2 39. Rxa4 Rxe3+ 40. Kf2 Rb3 41. Nc4 Rc3 42. Ne3 Rc5 43. Ra6+ Ke5 44. Rxh6 f4 45. Ng4+ Kf5 46. h3 Rc2+ 47. Kf1 e3 48. Rf6+ Ke4 49. Re6+ Kd4 50. Rd6+ Ke4 51. Re6+ Kd4 52. Re5 Rc1+ 53. Ke2 Rc2+ 54. Kf3 Rf2+ 55. Nxf2 exf2 1/2-1/2

[Event "NATO-ch 31st"]
[Site "Blankenberge"]
[Date "2021.10.12"]
[Round "2.16"]
[White "Sycz, Dariusz"]
[Black "Jacob, Tobias"]
[Result "1-0"]
[WhiteElo "2182"]
[BlackElo "1967"]
[PlyCount "77"]
[EventDate "2021.10.11"]
[EventType "team-swiss"]
[EventRounds "7"]
[EventCountry "BEL"]
[SourceTitle "CBM 204 Extra"]
[Source "ChessBase"]
[SourceDate "2021.11.30"]
[SourceVersion "1"]
[SourceVersionDate "2021.11.30"]
[SourceQuality "1"]
[WhiteTeam "Poland"]
[BlackTeam "Germany"]
[WhiteTeamCountry "POL"]
[BlackTeamCountry "GER"]

1. e4 c5 2. Nf3 d6 3. d4 cxd4 4. Nxd4 Nf6 5. Nc3 a6 6. g3 e5 7. Nde2 Be7 8. Bg2 Be6 9. a4 Nc6 10. 0-0 h5 11. h4 Nb4 12. Bg5 Rc8 13. Qd2 0-0 14. Rac1 Qc7 15. b3 Rfd8 16. Nd5 Nfxd5 17. exd5 Bxg5 18. hxg5 Bg4 19. c3 Bxe2 20. Qxe2 Qc5 21. Qd2 Nc6 22. dxc6 bxc6 23. Qe2 a5 24. Qxh5 d5 25. Bh3 Rb8 26. g6 Qd6 27. Qh7+ Kf8 28. Qh8+ Ke7 29. Qxg7 Qf6 30. Qxf7+ Qxf7 31. gxf7 Kxf7 32. Rb1 c5 33. Rfd1 Kf6 34. Bg2 d4 35. Be4 Rb6 36. Kg2 Rdb8 37. Bd5 Kf5 38. Rh1 Kg5 39. Rbe1 1-0

[Event "GER-ch Net Amateur Gr-A Vor3"]
[Site "Playchess.com INT"]
[Date "2020.04.16"]
[Round "1"]
[White "Bashilin, Roman"]
[Black "Jacob, Tobias"]
[Result "1-0"]
[WhiteElo "1620"]
[BlackElo "1933"]
[PlyCount "145"]
[EventDate "2020.04.16"]
[EventType "swiss (blitz)"]
[EventRounds "9"]
[EventCountry "GER"]
[SourceTitle "CBM 195 Extra"]
[Source "ChessBase"]
[SourceDate "2020.05.31"]
[SourceVersion "1"]
[SourceVersionDate "2020.05.31"]
[SourceQuality "1"]

1. d4 Nf6 2. Nf3 g6 3. Bf4 d6 4. e3 Bg7 5. h3 0-0 6. Be2 Nbd7 7. 0-0 c5 8. c3 cxd4 9. exd4 Qb6 10. Qb3 Re8 11. Nbd2 Qxb3 12. axb3 e5 13. dxe5 dxe5 14. Be3 Nd5 15. Nc4 Nxe3 16. Nxe3 Nb6 17. Ra5 Bd7 18. Nd2 Bc6 19. Ndc4 Nxc4 20. Nxc4 a6 21. b4 Rad8 22. Re1 f5 23. Bd1 e4 24. Bb3 Bd5 25. Rxd5 Rxd5 26. Nb6 Red8 27. Rd1 Kf8 28. Rxd5 Re8 29. Rd7 Re7 30. Rd8+ Re8 31. Nd7+ Ke7 32. Rxe8+ Kxe8 33. Nc5 Kd8 34. Nxb7+ Kc7 35. Nc5 Kb6 36. Kf1 a5 37. Ne6 Be5 38. bxa5+ Kxa5 39. Ke2 Kb5 40. Ke3 Kc6 41. Bc4 Kd6 42. Nf8 Kc5 43. Bb3 Bd6 44. Nxh7 Be7 45. g3 Kd6 46. h4 Ke5 47. Ng5 Kf6 48. Ba2 Bc5+ 49. Ke2 Ke5 50. b4 Bb6 51. Nf7+ Kf6 52. Nd6 g5 53. hxg5+ Kxg5 54. c4 f4 55. c5 Bd8 56. Nxe4+ Kg4 57. b5 fxg3 58. fxg3 Kf5 59. Kd3 Ke5 60. b6 Kf5 61. Kd4 Kg4 62. Kd5 Kf3 63. Bc4 Ke3 64. g4 Kf4 65. g5 Kf5 66. Nd6+ Kxg5 67. Nf7+ Kf6 68. Nxd8 Ke7 69. b7 Kd7 70. b8Q Ke7 71. Qd6+ Ke8 72. Qc7 Kf8 73. Qf7# 1-0

[Event "GER-ch Net Amateur Gr-A Vor3"]
[Site "Playchess.com INT"]
[Date "2020.04.16"]
[Round "8"]
[White "Garner, Isaac"]
[Black "Jacob, Tobias"]
[Result "0-1"]
[WhiteElo "1827"]
[BlackElo "1868"]
[PlyCount "114"]
[EventDate "2020.04.16"]
[EventType "swiss (blitz)"]
[EventRounds "9"]
[EventCountry "GER"]
[SourceTitle "CBM 195 Extra"]
[Source "ChessBase"]
[SourceDate "2020.05.31"]
[SourceVersion "1"]
[SourceVersionDate "2020.05.31"]
[SourceQuality "1"]

1. e4 c5 2. Nf3 d6 3. d4 cxd4 4. Nxd4 Nf6 5. Nc3 a6 6. g3 g6 7. Bg2 Bg7 8. 0-0 0-0 9. h3 Nbd7 10. Be3 Ne5 11. b3 Qc7 12. Nd5 Nxd5 13. exd5 b5 14. Rc1 Bb7 15. f4 Nd7 16. c3 Nb6 17. Ne2 Nd7 18. c4 bxc4 19. Rxc4 Qa5 20. Bd4 Rac8 21. Bxg7 Kxg7 22. Qa1+ Kg8 23. Nd4 Bxd5 24. Rxc8 Rxc8 25. b4 Qxa2 26. Qxa2 Bxa2 27. Bb7 Rc4 28. Nc6 e5 29. Ra1 Rc2 30. fxe5 dxe5 31. Bxa6 Rxc6 32. Rxa2 Rd6 33. b5 Nb6 34. Rc2 Kg7 35. Rc6 Rxc6 36. bxc6 Nd5 37. Kf2 Nc7 38. Bb7 f5 39. Ke3 Kf6 40. Kd3 Ke6 41. Kc4 Kd6 42. Ba8 h6 43. Bb7 g5 44. Kd3 e4+ 45. Ke3 Ke5 46. Ke2 f4 47. gxf4+ gxf4 48. Bc8 Kd4 49. Bd7 f3+ 50. Kf2 Ke5 51. Bc8 Kf4 52. Bd7 e3+ 53. Kf1 Kg3 54. Bg4 Kf4 55. Ke1 Nd5 56. Kf1 Kg3 57. Ke1 Kg2 0-1

[Event "GER-ch Net Amateur Gr-A Vor3"]
[Site "Playchess.com INT"]
[Date "2020.04.16"]
[Round "6"]
[White "Jacob, Tobias"]
[Black "Gottschalk, Siegfried"]
[Result "1-0"]
[WhiteElo "1840"]
[BlackElo "1798"]
[PlyCount "91"]
[EventDate "2020.04.16"]
[EventType "swiss (blitz)"]
[EventRounds "9"]
[EventCountry "GER"]
[SourceTitle "CBM 195 Extra"]
[Source "ChessBase"]
[SourceDate "2020.05.31"]
[SourceVersion "1"]
[SourceVersionDate "2020.05.31"]
[SourceQuality "1"]

1. e4 e6 2. d4 d5 3. Nd2 Be7 4. e5 c5 5. c3 Nc6 6. Ndf3 Nh6 7. Bd3 cxd4 8. cxd4 Nf5 9. Ne2 Qb6 10. Bxf5 exf5 11. 0-0 Be6 12. Re1 h6 13. a3 g5 14. h3 a5 15. Qa4 0-0 16. Nc3 Kg7 17. h4 g4 18. Nh2 Qxd4 19. Be3 Qxa4 20. Nxa4 d4 21. Bd2 b5 22. Rac1 bxa4 23. Rxc6 Rfb8 24. Bc1 Rc8 25. Rb6 Rab8 26. Ra6 Rc5 27. g3 d3 28. Nf1 Rc2 29. Ne3 Rc5 30. Rd1 Rd8 31. Bd2 Bb3 32. Rf1 Rcc8 33. Nxf5+ Kf8 34. Rxh6 Kg8 35. Nxe7+ Kg7 36. Nxc8 Rxc8 37. Rd6 Bc2 38. Bc3 Rc5 39. e6+ Kf8 40. exf7 Kxf7 41. f3 Ke7 42. Rh6 gxf3 43. Rxf3 Rxc3 44. bxc3 d2 45. Rf1 d1Q 46. Rxd1 1-0

[Event "GER-ch Net Amateur Gr-A Vor3"]
[Site "Playchess.com INT"]
[Date "2020.04.16"]
[Round "7"]
[White "Krieger, Markus"]
[Black "Jacob, Tobias"]
[Result "0-1"]
[WhiteElo "1815"]
[BlackElo "1853"]
[PlyCount "148"]
[EventDate "2020.04.16"]
[EventType "swiss (blitz)"]
[EventRounds "9"]
[EventCountry "GER"]
[SourceTitle "CBM 195 Extra"]
[Source "ChessBase"]
[SourceDate "2020.05.31"]
[SourceVersion "1"]
[SourceVersionDate "2020.05.31"]
[SourceQuality "1"]

1. e4 c5 2. Nc3 a6 3. Nf3 d6 4. d4 cxd4 5. Nxd4 Nf6 6. Be3 e6 7. Qd2 b5 8. Be2 b4 9. Nd1 Nxe4 10. Qxb4 d5 11. Qb3 Bd6 12. Bf3 Nc5 13. Qc3 Qe7 14. Nb3 Nbd7 15. Nxc5 Nxc5 16. Qxg7 Rf8 17. Bh6 Bd7 18. Qxh7 0-0-0 19. Bxf8 Rxf8 20. Ne3 f5 21. Qxe7 Bxe7 22. 0-0-0 Bg5 23. h4 Bh6 24. Rde1 d4 25. b4 Na4 26. Kd2 dxe3+ 27. fxe3 Bb5 28. c4 Rd8+ 29. Ke2 Bxc4+ 30. Kf2 Bb5 31. Rc1+ Kb8 32. Rhd1 Rxd1 33. Rxd1 Kc7 34. a3 Nb6 35. Rc1+ Kd6 36. Rd1+ Ke7 37. Rc1 Nc4 38. Rc3 Bg7 39. Rb3 Nd2 40. a4 Bc4 41. Ra3 Bb2 42. b5 Bxa3 43. b6 Nxf3 44. gxf3 Bd6 45. h5 Kf6 46. e4 fxe4 47. fxe4 Be5 48. Ke3 Kg5 49. b7 Bf1 50. Kf2 Bc4 51. Ke3 Bb8 52. Kd4 Bf1 53. Kc5 Kf6 54. h6 Bd3 55. h7 Kg7 56. e5 Bxe5 57. Kc6 Be4+ 58. Kd7 Bxb7 59. Kxe6 Bc3 60. Kd7 a5 61. Kc7 Be4 62. Kb6 Bd3 63. Kc5 Kxh7 64. Kd5 Kg6 65. Kc5 Kf5 66. Kb6 Ke4 67. Kc5 Ke3 68. Kb6 Kd2 69. Kc5 Kc2 70. Kd5 Kb3 71. Kc5 Kxa4 72. Kd5 Kb3 73. Kc5 a4 74. Kd5 a3 0-1

[Event "GER-ch Net Amateur Gr-A Vor3"]
[Site "Playchess.com INT"]
[Date "2020.04.16"]
[Round "3"]
[White "Von Herman, Brigitte"]
[Black "Jacob, Tobias"]
[Result "0-1"]
[WhiteElo "1633"]
[BlackElo "1879"]
[PlyCount "60"]
[EventDate "2020.04.16"]
[EventType "swiss (blitz)"]
[EventRounds "9"]
[EventCountry "GER"]
[SourceTitle "CBM 195 Extra"]
[Source "ChessBase"]
[SourceDate "2020.05.31"]
[SourceVersion "1"]
[SourceVersionDate "2020.05.31"]
[SourceQuality "1"]

1. e4 c5 2. c3 d5 3. exd5 Qxd5 4. d4 Nc6 5. Nf3 g6 6. dxc5 Qxc5 7. Be3 Qa5 8. Na3 Bg7 9. Nc4 Qc7 10. h3 Nf6 11. Be2 0-0 12. 0-0 b5 13. Na3 a6 14. Nc2 Bb7 15. Ncd4 Ne5 16. Re1 Nc4 17. Bc1 Rad8 18. Qb3 e5 19. Nc2 Bd5 20. Qb4 Rfe8 21. Bg5 Bf8 22. Bxf6 Bxb4 23. Bxd8 Rxd8 24. Nxb4 Bb7 25. b3 Nd2 26. Nxd2 Rxd2 27. Rac1 e4 28. c4 Qc5 29. Nc2 bxc4 30. Bxc4 Qxf2+ 0-1